[Event "chess.com sf blitz 1m+1spm"]
[Site "Chess.com INT"]
[Date "2016.08.24"]
[Round "26"]
[White "Nakamura, Hikaru"]
[Black "Vachier Lagrave, Maxime"]
[Result "1-0"]
[WhiteElo "2791"]
[BlackElo "2819"]
[PlyCount "57"]
[EventDate "2016.08.23"]
[EventType "match (blitz)"]
[EventRounds "32"]
[EventCountry "USA"]
[SourceTitle "CBM 174 Extra"]
[Source "ChessBase"]
[SourceDate "2016.10.10"]
[SourceVersion "1"]
[SourceVersionDate "2016.10.10"]
[SourceQuality "1"]

1. d3 g6 2. Nd2 Bg7 3. g3 d6 4. Bg2 e5 5. Ngf3 Ne7 6. O-O O-O 7. c3 c5 8. e4 Nbc6 9. Re1 h6 10. a3 f5 ({RR} 10... Be6 11. b4 a6 12. Rb1 b6 13. a4 cxb4 14. cxb4 b5 15. d4 exd4 16. axb5 axb5 17. Nb3 Bg4 18. h3 Bxf3 19. Bxf3 Qb6 20. Bb2 Ra4 21. Be2 Rfa8 22. Nc1 Nxb4 23. Nd3 Nec6 24. Nxb4 Rxb4 25. Qc2 {Maksimovic,B (2476)-Martinez Alcantara,J (2619) chess.com INT 2023 0-1}) ({RR} 10... Be6 11. b4 a6 12. Bb2 Rc8 13. Nf1 Qd7 14. Ne3 f5 15. bxc5 dxc5 16. c4 Nd4 17. Nxd4 cxd4 18. Nd5 Nxd5 19. exd5 Bf7 20. a4 b5 21. axb5 axb5 22. Ba3 Rfe8 23. Qb3 e4 24. Qxb5 Qxb5 25. cxb5 {Janik,I (2502)-Palencia,W (2168) chess.com INT 2024 ½-½ (51)}) 11. b4 b6 $146 ({RR} 11... f4 12. Bb2 g5 13. b5 Na5 14. Nb3 g4 15. Nfd2 Be6 16. d4 Nxb3 17. Nxb3 b6 18. d5 Bd7 19. a4 f3 20. Bf1 h5 21. Bc1 h4 22. Ra2 Qe8 23. Be3 Qg6 24. Qd3 Rf7 25. Nd2 Raf8 26. Nc4 {Chen,Q (1925)-Vogel,R (2434) Durban 2014 0-1 (31)}) 12. Bb2 f4 13. d4 g5 14. bxc5 dxc5 15. dxc5 g4 16. Nh4 f3 17. Bf1 Be6 18. Bc4 Qd7 19. Ndxf3 Qc8 20. Qb3 Bxc4 21. Qxc4+ Kh7 22. Nd2 Na5 23. Qb5 a6 24. Qe2 Qxc5 25. a4 Qc8 26. Ba3 Nac6 27. Nc4 Qe6 28. Nxb6 Rad8 29. Nd5 1-0

[Event "chess.com sf blitz Extra 1m+1spm"]
[Site "Chess.com INT"]
[Date "2016.08.24"]
[Round "?"]
[White "Vachier Lagrave, Maxime"]
[Black "Nakamura, Hikaru"]
[Result "1-0"]
[WhiteElo "2819"]
[BlackElo "2791"]
[PlyCount "85"]
[EventDate "2016.08.23"]
[EventType "match (blitz)"]
[EventRounds "1"]
[EventCountry "USA"]
[SourceTitle "CBM 174 Extra"]
[Source "ChessBase"]
[SourceDate "2016.10.10"]
[SourceVersion "1"]
[SourceVersionDate "2016.10.10"]
[SourceQuality "1"]

1. Nf3 g6 2. g3 Bg7 3. Bg2 d6 4. O-O Nc6 5. Re1 $146 ({RR} 5. e4 e5 6. c3 Nge7 7. d4 exd4 8. Nxd4 O-O 9. Be3 Ne5 10. Na3 a6 11. h3 c5 12. Nb3 Qc7 13. f4 N5c6 14. Qc2 f5 15. Rad1 Be6 16. e5 dxe5 17. Nxc5 Bc8 18. Na4 b5 19. Nb6 Rb8 {Topic,J (1933)-Gorsek,G (2143) Celje 2014 1-0 (40)}) ({RR} 5. c4 Bd7 6. d4 Qc8 7. Re1 Bh3 8. Bh1 h5 9. Ng5 h4 10. Nxh3 hxg3 11. hxg3 Qxh3 12. Bg2 Qh2+ 13. Kf1 Bxd4 14. Nc3 Nf6 15. Nd5 O-O-O 16. Nxe7+ Nxe7 17. Qxd4 Nd7 18. Qxa7 Nc6 19. Qa8+ Ndb8 {Sviridov,V (2562)-Xiong,J (2709) Chess.com INT 2020 1-0 (39)}) ({RR} 5. c4 Bd7 6. Nc3 Qc8 7. Re1 Bh3 8. Bh1 h5 9. Ng5 h4 10. Nd5 hxg3 11. hxg3 Bd7 12. Bg2 e6 13. Nf4 Qd8 14. d3 Nd4 15. e3 Qxg5 16. exd4 Qh6 17. Kf1 g5 18. Nh3 Bxd4 19. Bxg5 Qg7 {Arabidze,M (2458)-Xiong,J (2645) chess.com INT 2024 0-1 (31)}) ({RR} 5. c4 Bd7 6. Nc3 Qc8 7. d4 Bh3 8. e4 h5 9. Be3 h4 10. Nxh4 Bf6 11. Nf3 Bxg2 12. Kxg2 Qh3+ 13. Kg1 Nh6 14. Nd5 Ng4 15. Nf4 Qh7 16. h4 Nxe3 17. fxe3 g5 18. hxg5 Bxg5 19. Ng2 Bf6 {Hill,A-Harper,B Seattle 1980 ½-½}) 5... Bd7 6. e3 Qc8 7. d4 Bh3 8. c4 h5 9. Nc3 h4 10. Nxh4 Bf6 11. Nf3 Bxg2 12. Kxg2 Qh3+ 13. Kg1 g5 14. Nd5 g4 15. Nxc7+ Kd7 16. Nxa8 gxf3 17. Qxf3 Qxh2+ 18. Kf1 Bxd4 19. exd4 Qh3+ 20. Qg2 Qh1+ 21. Qxh1 Rxh1+ 22. Ke2 Nxd4+ 23. Kd1 Rxe1+ 24. Kxe1 Nc2+ 25. Kd1 Nxa1 26. Be3 b6 27. Kc1 Kc6 28. Kb1 Kb7 29. Nxb6 axb6 30. Kxa1 Nf6 31. b3 Ng4 32. Kb2 e5 33. Kc3 f5 34. Kd3 Kc6 35. a4 e4+ 36. Kd4 Ne5 37. b4 Nf3+ 38. Kc3 Ne5 39. b5+ Kc7 40. Kd4 Ng4 41. Kd5 Kd7 42. Bxb6 Nf6+ 43. Kd4 1-0

[Event "CHN-ch rapid"]
[Site "Shenzhen"]
[Date "2016.08.25"]
[Round "7"]
[White "Zhou, Jianchao"]
[Black "Wang, Yue"]
[Result "1-0"]
[WhiteElo "2616"]
[BlackElo "2737"]
[PlyCount "117"]
[EventDate "2016.08.24"]
[EventType "swiss (rapid)"]
[EventRounds "9"]
[EventCountry "CHN"]
[SourceTitle "CBM 174 Extra"]
[Source "ChessBase"]
[SourceDate "2016.10.10"]
[SourceVersion "1"]
[SourceVersionDate "2016.10.10"]
[SourceQuality "1"]

1. Nf3 Nf6 2. g3 c5 3. Bg2 Nc6 4. d4 cxd4 5. Nxd4 e5 6. Nb5 ({RR} 6. Nxc6 dxc6 7. Qxd8+ Kxd8 8. Nd2 Nd5 9. a3 Be6 10. b3 f6 11. Bb2 a5 12. e4 Nb6 13. f4 Bd6 14. fxe5 Bxe5 15. Bxe5 fxe5 16. Nf3 Nd7 17. Ng5 Ke7 18. Nxe6 {½-½ (18) Malakhov,V (2669)-Predke,A (2684) Ruma 2020}) 6... d5 7. O-O ({RR} 7. Bxd5 Qa5+ 8. N5c3 Bh3 9. Bxc6+ bxc6 10. Qd3 Bc5 11. Nd2 Rd8 12. Qf3 Qa6 13. Nde4 Nxe4 14. Nxe4 Be6 15. Nxc5 {1-0 (15) Zolfagharian,K (2209)-Garner,I (2331) Germany GER 2024}) 7... a6 $146 ({RR} 7... Bc5 8. Bg5 Be6 9. N5c3 e4 10. e3 Ne5 11. Nd2 h6 12. Bxf6 Qxf6 13. Nb3 Bg4 14. Qxd5 Be7 {1-0 (14) Bigott,M (1918)-Heck,E (1720) Troisdorf 2002}) ({RR} 7... Be6 8. c4 Rc8 9. Bg5 d4 10. Nd2 Be7 11. Bxf6 Bxf6 12. c5 Be7 13. b4 O-O 14. Qa4 Bd5 15. Bxd5 Qxd5 16. Nxa7 Ra8 17. Nxc6 bxc6 18. Qb3 Qxb3 19. Nxb3 Ra4 20. a3 Rfa8 21. Rfc1 Rxa3 22. Rxa3 {Veiga,J (2393)-Onslow,A (2115) chess.com INT 2022 1-0 (46)}) 8. N5c3 d4 9. Ne4 Nxe4 10. Bxe4 Bh3 11. Re1 Bc5 12. c3 Qe7 13. cxd4 exd4 14. Bxc6+ bxc6 15. e3 d3 16. Qxd3 O-O 17. Nc3 Rfd8 18. Qe2 Qe6 19. b3 Qf5 20. f3 Rd3 21. Ne4 Rad8 22. Nf2 Bb4 23. g4 Qd7 24. Nxd3 Qxd3 25. Qxd3 Rxd3 26. Kf2 Bxe1+ 27. Kxe1 h5 28. gxh5 Rd5 29. h6 gxh6 30. e4 Rh5 31. Bf4 Be6 32. Rc1 Ra5 33. Rc2 Kh7 34. Bc7 Rb5 35. Rxc6 a5 36. Ra6 Rc5 37. Bxa5 Rc2 38. Bd2 Rb2 39. f4 Bg4 40. f5 h5 41. Rh6+ Kg7 42. Bc3+ Kxh6 43. Bxb2 Kg5 44. Bc1+ Kf6 45. Kf2 Bd1 46. h4 Ke5 47. Ke3 Bc2 48. Bb2+ Kd6 49. Bd4 Bb1 50. a3 Bc2 51. b4 Ba4 52. Kf4 Bc2 53. e5+ Kd5 54. e6 fxe6 55. f6 e5+ 56. Bxe5 Ke6 57. Bd4 Ba4 58. Kg5 Be8 59. Kh6 1-0

[Event "US Masters op"]
[Site "Greensboro"]
[Date "2016.08.29"]
[Round "8"]
[White "Ramirez Alvarez, Alejandro"]
[Black "Shabalov, Alexander"]
[Result "1-0"]
[WhiteElo "2561"]
[BlackElo "2542"]
[PlyCount "55"]
[EventDate "2016.08.25"]
[EventType "swiss"]
[EventRounds "9"]
[EventCountry "USA"]
[SourceTitle "CBM 174 Extra"]
[Source "ChessBase"]
[SourceDate "2016.10.10"]
[SourceVersion "1"]
[SourceVersionDate "2016.10.10"]
[SourceQuality "1"]

1. Nf3 d5 2. b3 c5 3. e3 a6 4. c4 d4 5. exd4 cxd4 6. g3 ({RR} 6. d3 Nc6 7. g3 e5 8. Bg2 Nf6 9. O-O Be7 10. Bg5 Nd7 11. Bxe7 Qxe7 12. Re1 O-O 13. a3 a5 14. Nbd2 Nc5 15. Ne4 Ne6 16. Qc2 f5 17. Ned2 Qc5 18. Qd1 Ned8 19. Qe2 Nf7 20. b4 Qd6 {Stefanou,D (2389)-Krasniqi,A (2163) Eforie Nord ROU 2025 1-0 (32)}) 6... g6 7. Bg2 $146 ({RR} 7. b4 Bg7 8. d3 Nc6 9. Qb3 Nf6 10. Bg2 Qd6 11. Ba3 Qe6+ 12. Kf1 O-O 13. Nbd2 Re8 14. Re1 Qf5 15. Bb2 e5 16. h3 h5 17. Kg1 Bd7 18. Kh2 b5 19. Re2 Rab8 20. a3 Na5 21. Qd1 bxc4 {Mena Crespo,C (2311)-Shabalov,A (2506) Wheeling 2014 0-1 (41)}) 7... Bg7 8. O-O Nh6 9. d3 O-O 10. Re1 Nc6 11. a3 a5 12. Nbd2 f6 13. Rb1 Nf7 14. c5 Nce5 15. Nxe5 Nxe5 16. b4 axb4 17. axb4 Kh8 18. Qc2 Rb8 19. f4 Ng4 20. Nc4 e5 21. h3 Nh6 22. fxe5 fxe5 23. Nxe5 Nf5 24. Qa2 Qe8 25. Bf4 Ne3 26. Bxe3 dxe3 27. Rxe3 Bxe5 28. Qd5 1-0

[Event "Olympiad-42"]
[Site "Baku"]
[Date "2016.09.05"]
[Round "4.2"]
[White "Bachmann, Axel"]
[Black "Sulskis, Sarunas"]
[Result "1-0"]
[WhiteElo "2641"]
[BlackElo "2519"]
[PlyCount "77"]
[EventDate "2016.09.02"]
[EventType "team-swiss"]
[EventRounds "11"]
[EventCountry "AZE"]
[SourceTitle "CBM 175"]
[Source "ChessBase"]
[SourceDate "2016.11.10"]
[SourceVersion "1"]
[SourceVersionDate "2016.11.10"]
[SourceQuality "1"]
[WhiteTeam "Paraguay"]
[BlackTeam "Lithuania"]
[WhiteTeamCountry "PAR"]
[BlackTeamCountry "LTU"]

1. Nf3 {Gurevich,Mikhail} d5 2. g3 c6 3. Bg2 Bg4 4. O-O Nd7 5. d3 e6 6. Nbd2 Bd6 7. h3 Bh5 8. e4 Ne7 9. d4 O-O ({RR} 9... f6 10. Qe2 Bf7 11. c4 O-O 12. b3 a5 13. a3 Kh8 14. Bb2 h6 15. Ne1 Qb8 16. Nd3 b5 17. cxd5 cxd5 18. e5 fxe5 19. dxe5 Bc7 20. Rac1 Bb6 21. Nf4 Bg8 22. Qg4 Rf5 23. Nf3 Bf7 24. Nd4 {Bachmann,A (2624)-Hungaski,R (2496) Neuquen 2017 1-0 (51)}) 10. Re1 ({RR} 10. c4 Bc7 11. Qb3 Rb8 12. Qc3 b5 13. exd5 cxd5 14. c5 Nc6 15. b4 Nf6 16. Bb2 h6 17. Rfe1 Bg6 18. Ne5 Bxe5 19. dxe5 d4) ({RR} 10. e5 Bc7 11. b4 a5 12. c3 b6 13. Bb2 axb4 14. cxb4 c5 15. bxc5 bxc5 16. g4 Bg6 17. Re1 c4 18. Bc3 Ba5 19. Qc1 Nc6 20. a4 Bxc3 21. Qxc3 Qa5 22. Qa3 Nb4 23. Rec1 Nc2 24. Qd6 Nxa1 {Bashirli,S (1986)-Molina,R (2381) chess.com INT 2024 0-1}) 10... a5 ({RR} 10... b5 11. a4 b4 12. c4 bxc3 13. bxc3 Rb8 14. e5 Bc7 15. Ba3 c5 16. Nb3 c4 17. Nc5 Nxc5 18. Bxc5 Ba5 19. Qc1 Qd7 20. Nh4 Rfe8 21. f4 Rb3 22. Re3 Bg6 23. Nxg6 hxg6 24. g4 Reb8 25. Qe1 {Mamedyarov,S (2770)-Carlsen,M (2847) chess24.com INT 2021 0-1 (53)}) 11. c3 a4 $146 ({RR} 11... Qb6 12. c4 Bxf3 ({RR} 12... Qa7) 13. Nxf3 dxc4 14. Qc2 e5 ({RR} 14... Qa6 15. e5 Bb4 16. Re4 Ng6 17. h4 f5 18. exf6 Nxf6 19. Rxe6 Rae8) 15. Be3 ({RR} 15. Qxc4 exd4 16. Qxd4 ({RR} 16. Nxd4 Ne5 17. Qa4 Bc5) 16... Qxd4 ({RR} 16... Bc5 17. Qxd7 Rad8 18. Qg4 Bxf2+ 19. Kh2 Bxe1 20. Nxe1 Qf2 21. Nf3 f5 22. exf5 Nxf5 23. Qc4+ Kh8 24. Bf4) 17. Nxd4 Ne5 18. Rd1 Rfd8 19. b3) 15... Qa6 ({RR} 15... exd4 16. Bxd4 Bc5 17. Qxc4 Bxd4 18. Qxd4) 16. Red1 Rfd8 ({RR} 16... Rad8 17. dxe5 Nxe5 18. Nxe5 Bxe5 19. Bc5) 17. a4 b5 18. Kh2 ({RR} 18. Kh1 Ng6 ({RR} 18... exd4 19. Rxd4 Ne5 20. Rxd6) 19. h4 exd4 20. Nxd4 Bc5 21. h5 Nge5 22. h6) 18... Ng6 ({RR} 18... exd4 19. Rxd4 Ne5 ({RR} 19... Bc5 20. Rxd7 Rxd7 21. Bxc5) 20. Rad1 Nxf3+ 21. Bxf3 Bc7 22. Rd7) 19. dxe5 Ndxe5 20. Nd4 ({RR} 20. Nxe5 Nxe5 21. f4 Nd3 22. e5 Be7 23. b3) 20... Bc5 21. axb5 ({RR} 21. Nxb5 cxb5 ({RR} 21... Bxe3 22. Nc7 Qc8 23. Rxd8+ Qxd8 24. Nxa8 Ba7 25. f4 Nd3 26. Qxc4 Nb4 27. e5 Qxa8 28. e6) 22. Bxc5 Nd3 23. Be3 b4) 21... cxb5 22. b4 Bxb4 23. f4 Nd3 24. e5 Rac8 25. e6 fxe6 26. Be4 {Anastasian,A (2561)-Gurevich,M (2635) Istanbul 2003 CBM 096 [Gurevich,Mikhail] 0-1}) ({RR} 11... c5 12. exd5 Nxd5 13. Ne4 Be7 14. c4 N5f6 15. Nxf6+ Nxf6 16. Be3 Qc7 17. dxc5 Bxc5 18. Bxc5 Qxc5 19. Qd4 Qc7 20. Ne5 Rfd8 21. Qf4 Rac8 22. g4 Bg6 23. Nxg6 hxg6 24. Qxc7 Rxc7 25. b3 Kf8 26. Rad1 {Loay,S (2153)-Trost,E (2380) Stockholm SWE 2022 0-1 (57)}) 12. e5 Bc7 13. Nf1 c5 14. g4 Bg6 15. Ng3 cxd4 16. cxd4 Nc6 17. h4 a3 18. bxa3 Ba5 19. h5 Bxe1 20. hxg6 Bc3 21. gxh7+ Kh8 22. Rb1 Qc7 23. Ne2 Ba5 24. Bg5 Rac8 25. Qd3 Rfe8 26. Nf4 Nf8 27. Nh5 Nxh7 28. Qe3 Rg8 29. Bf1 Rcf8 30. Bd3 f5 31. Nf4 g6 32. Nxe6 fxg4 33. Nh4 Qf7 34. Nxf8 Qxf8 35. Rxb7 Be1 36. Bf6+ Nxf6 37. exf6 g3 38. Qg5 Bxf2+ 39. Kg2 1-0

[Event "Olympiad-42"]
[Site "Baku"]
[Date "2016.09.08"]
[Round "6.1"]
[White "Amin, Bassem"]
[Black "Grandelius, Nils"]
[Result "1-0"]
[WhiteElo "2661"]
[BlackElo "2641"]
[PlyCount "67"]
[EventDate "2016.09.02"]
[EventType "team-swiss"]
[EventRounds "11"]
[EventCountry "AZE"]
[SourceTitle "CBM 175"]
[Source "ChessBase"]
[SourceDate "2016.11.10"]
[SourceVersion "1"]
[SourceVersionDate "2016.11.10"]
[SourceQuality "1"]
[WhiteTeam "Egypt"]
[BlackTeam "Sweden"]
[WhiteTeamCountry "EGY"]
[BlackTeamCountry "SWE"]

1. e4 c5 2. Nf3 e6 3. d3 d5 4. Nbd2 Nf6 5. g3 g6 6. Bg2 Bg7 7. O-O Nc6 8. Re1 O-O 9. c3 a5 10. a4 b6 11. Nb1 Ba6 12. e5 Nd7 13. Bf4 f6 14. exf6 Qxf6 15. Qd2 e5 16. Bg5 Qxf3 $146 ({RR} 16... Qf7 17. Na3 Bxd3 18. Qxd3 e4 19. Qd2 exf3 20. Bh3 Nde5 21. Nb5 Rad8 22. Bxd8 Rxd8 23. Rad1 d4 24. cxd4 cxd4 25. Rc1 Qf8 26. Nc7 Bh6 27. Qd1 Bxc1 28. Ne6 Qh6 29. Bf1 Rd6 30. Qb3 Kh8 31. Re4 {Kislinsky,A (2404)-Bykovskiy,O (2246) Kiev 2021 0-1 (36)}) ({RR} 16... Qf7 17. Na3 Bxd3 18. Qxd3 e4 19. Qd2 exf3 20. Bh3 Nde5 21. Nb5 Rad8 22. Bxd8 Rxd8 23. Rad1 d4 24. cxd4 cxd4 25. Rc1 Qf8 26. Nc7 Bh6 27. Qd1 Bxc1 28. Ne6 Qh6 29. Bf1 Rd6 30. Qb3 Kh8 31. Re4 {Kislinsky,A (2404)-Bykovskiy,O (2246) Kiev 2021 0-1 (36)}) 17. Bxf3 Rxf3 18. Qd1 Raf8 19. Nd2 Rxd3 20. Re3 Rf5 21. Rxd3 Bxd3 22. g4 Rxg5 23. h4 Bc2 24. Qe2 Bd3 25. Qxd3 Rxg4+ 26. Kf1 Ne7 27. Qb5 Nf6 28. Nf3 Rf4 29. Nxe5 Ne4 30. Qe8+ Bf8 31. Nd7 Nd6 32. Qd8 Nec8 33. Nf6+ Kg7 34. Nh5+ 1-0

[Event "Olympiad-42"]
[Site "Baku"]
[Date "2016.09.12"]
[Round "10.2"]
[White "Kramnik, Vladimir"]
[Black "Adhiban, Baskaran"]
[Result "1-0"]
[WhiteElo "2808"]
[BlackElo "2671"]
[PlyCount "91"]
[EventDate "2016.09.02"]
[EventType "team-swiss"]
[EventRounds "11"]
[EventCountry "AZE"]
[SourceTitle "CBM 175"]
[Source "ChessBase"]
[SourceDate "2016.11.10"]
[SourceVersion "1"]
[SourceVersionDate "2016.11.10"]
[SourceQuality "1"]
[WhiteTeam "Russia"]
[BlackTeam "India"]
[WhiteTeamCountry "RUS"]
[BlackTeamCountry "IND"]

1. Nf3 d5 2. g3 Nf6 3. Bg2 Bf5 4. O-O c6 5. d3 e6 6. Nh4 Bg4 7. h3 Bh5 8. Qe1 Be7 9. f4 Nfd7 10. Nf3 f5 ({RR} 10... Bxf3 11. Bxf3 O-O 12. e4 dxe4 13. dxe4 e5 14. Nd2 Nc5 15. Kh2 b5 16. Bg2 Nbd7 17. Nf3 a5 18. fxe5 Ne6 19. Bf4 Qc7 20. Rd1 Rfd8 21. Qf2 Bc5 22. Qe2 Ndf8 23. c3 Ng6 24. Bc1 Rxd1 25. Rxd1 {Nisipeanu,L (2672)-Wojtaszek,R (2737) Antalya 2017 0-1 (41)}) ({RR} 10... O-O 11. Nbd2 f5 12. e4 dxe4 13. dxe4 Nc5 14. Kh2 Nba6 15. a3 Nc7 16. b4 Na4 17. Nb3 fxe4 18. Ne5 Bf6 19. Qxe4 Nd5 20. Bd2 Qc7 21. Rae1 Rae8 22. c4 Ndb6 23. Na5 Nd7 24. Qc2 Nab6 25. Ng4 {Khotenashvili,B (2420)-Gaponenko,I (2346) Monaco MNC 2025 1-0 (58)}) 11. e4 Bxf3 $146 ({RR} 11... O-O 12. Be3 Bxf3 13. Bxf3 Bc5 14. d4 dxe4 15. Bxe4 fxe4 16. dxc5 Na6 17. Nc3 e5 18. f5 Ndxc5 19. b4 Nd7 20. Nxe4 Qe7 21. Rd1 Nb6 22. f6 Qxb4 23. Qxb4 Nxb4 24. Bc5 Nxc2 25. Bxf8 Kxf8 26. Rd6 {Berkes,F (2649)-Olsen,F (2353) Gilleleje 2020 1-0 (33)}) ({RR} 11... O-O 12. Kh2 Nc5 13. Nbd2 Nba6 14. a3 Qc7 15. b4 Bxf3 16. Bxf3 Na4 17. Nb3 dxe4 18. dxe4 fxe4 19. Qxe4 Bf6 20. Be3 Rae8 21. Bd4 e5 22. fxe5 Bxe5 23. Bxe5 Qxe5 24. Qc4+ Qe6 25. Qd3 Nb2 26. Qd4 {Dana,M (2105)-Pupols,V (2197) Hendersonville 2010 ½-½ (40)}) 12. Bxf3 O-O 13. Nc3 fxe4 14. dxe4 d4 15. Nd1 e5 16. Nf2 c5 17. Qe2 Nc6 18. Bg4 Kh8 19. Be6 exf4 20. gxf4 g5 21. Ng4 gxf4 22. Bxf4 Qe8 23. e5 Bh4 24. Bc4 Qg6 25. Kh1 Bg5 26. Bh2 Nb6 27. Bd3 Qe6 28. Qe4 Qd5 29. e6 Rae8 30. Rxf8+ Rxf8 31. Ne5 Qxe4+ 32. Bxe4 Nd8 33. a4 Nxe6 34. a5 Nc8 35. Nd7 Re8 36. Be5+ Ng7 37. Rg1 Bh6 38. Bxb7 Ne7 39. Nf6 Rf8 40. Be4 Ng8 41. Nxh7 Re8 42. Ng5 Re7 43. Bd3 Bxg5 44. Rxg5 Nh6 45. Bxg7+ Rxg7 46. Rh5 1-0

[Event "Olympiad-42"]
[Site "Baku"]
[Date "2016.09.13"]
[Round "11.3"]
[White "Kozul, Zdenko"]
[Black "Svetushkin, Dmitry"]
[Result "1-0"]
[WhiteElo "2622"]
[BlackElo "2543"]
[PlyCount "107"]
[EventDate "2016.09.02"]
[EventType "team-swiss"]
[EventRounds "11"]
[EventCountry "AZE"]
[SourceTitle "CBM 175"]
[Source "ChessBase"]
[SourceDate "2016.11.10"]
[SourceVersion "1"]
[SourceVersionDate "2016.11.10"]
[SourceQuality "1"]
[WhiteTeam "Croatia"]
[BlackTeam "Moldova"]
[WhiteTeamCountry "CRO"]
[BlackTeamCountry "MDA"]

1. Nf3 d5 2. g3 c6 3. Bg2 Bg4 4. O-O Nf6 5. d3 Nbd7 6. Nbd2 e5 7. e4 dxe4 8. dxe4 Bc5 9. h3 Bh5 10. Qe1 O-O 11. Nb3 Bb6 12. a4 a5 13. Be3 Bxf3 14. Bxf3 Bxe3 15. Qxe3 Qc7 16. Rfd1 ({RR} 16. Be2 Rfe8 17. Rfd1 Nf8 18. Kg2 Ne6 19. c3 Nd7 20. Bc4 Nb6 21. Bxe6 Rxe6 22. Nc5 Ree8 23. b4 axb4 24. cxb4 Rad8 25. Rxd8 Rxd8 26. Qc3 h6 27. Nd3 Rd4 28. a5 Nc4 29. a6 bxa6 30. Rxa6 Kh7 {Kozul,Z (2609)-Percivaldi,M (2270) Skopje 2016 1-0 (36)}) 16... Rfd8 17. h4 b6 $146 ({RR} 17... Nf8 18. Rxd8 Qxd8 19. Rd1 Qc7 20. Be2 h6 21. Kg2 N8d7 22. f3 Qb6 23. Qxb6 Nxb6 24. Nc5 Rb8 25. b4 axb4 26. a5 Na8 27. Nxb7 Rxb7 28. Rd8+ Kh7 29. Rxa8 b3 30. cxb3 Rxb3 31. g4 h5 32. g5 {Kosic,D (2485)-Papp,P (2230) Roszke 2011 1-0 (45)}) 18. Be2 Nf8 19. Rxd8 Rxd8 20. c3 Ne8 21. Nd2 Nd6 22. b4 Nd7 23. bxa5 bxa5 24. Rb1 Rb8 25. Rd1 Nb6 26. h5 h6 27. Nf3 f6 28. Qc5 Nb7 29. Qa3 c5 30. Nh4 Nd6 31. Bg4 Qc6 32. Qa2+ c4 33. Be6+ Kh8 34. Ng6+ Kh7 35. Ne7 Qc7 36. Bf5+ Nxf5 37. Nxf5 Rd8 38. Rb1 Nc8 39. Qe2 Nd6 40. Nh4 Qc6 41. Rd1 Qxa4 42. Qg4 Qe8 43. Qg6+ Qxg6 44. hxg6+ Kg8 45. Nf5 Nb7 46. Rb1 Rd7 47. Rb6 Kf8 48. Ra6 Ke8 49. Ra8+ Rd8 50. Nxg7+ Kd7 51. Ra6 Nc5 52. Rxa5 Nxe4 53. Rd5+ Kc8 54. Ne6 1-0

[Event "Baku op"]
[Site "Baku"]
[Date "2016.09.26"]
[Round "9"]
[White "Artemiev, Vladislav"]
[Black "Bajarani, Ulvi"]
[Result "1-0"]
[WhiteElo "2663"]
[BlackElo "2509"]
[PlyCount "69"]
[EventDate "2016.09.18"]
[EventType "swiss"]
[EventRounds "9"]
[EventCountry "AZE"]
[SourceTitle "CBM 174 Extra"]
[Source "ChessBase"]
[SourceDate "2016.10.10"]
[SourceVersion "1"]
[SourceVersionDate "2016.10.10"]
[SourceQuality "1"]

1. Nf3 d5 2. c4 c6 3. g3 g6 4. Qa4 dxc4 5. Qxc4 Bg7 6. Bg2 e5 ({RR} 6... Nf6 7. O-O O-O 8. d3 Bg4 9. Nbd2 Na6 10. a3 Rc8 11. Qc2 Nd5 12. Nc4 c5 13. h3 Bxf3 14. Bxf3 Qd7 15. h4 Nb8 16. Ne3 Nxe3 17. Bxe3 b6 18. Rab1 Nc6 19. Qa4 Rfd8 20. Bxc6 Rxc6 21. Rfc1 {Gorshtein,I (2569)-Roiz,M (2568) Israel ISR 2025 ½-½ (33)}) 7. O-O Ne7 8. Nc3 O-O 9. d3 $146 ({RR} 9. Rd1 Nf5 10. d3 Be6 11. Qa4 a5 12. Ne4 h6 13. Bd2 Nd7 14. Bc3 b5 15. Qc2 c5 16. e3 Qb6 17. a4 bxa4 18. Nfd2 Bb3 19. Nxb3 axb3 20. Qe2 a4 21. Ra3 Ra6 22. Rda1 Rfa8 23. Be1 R8a7 {Movahed,S (2359)-Omidi,A (2350) Kerman IRI 2023 ½-½ (60)}) ({RR} 9. Rd1 Nf5 10. d3 Be6 11. Qa4 a5 12. Ne4 h6 13. Bd2 Nd7 14. Bc3 b5 15. Qc2 c5 16. e3 Qb6 17. a4 bxa4 18. Nfd2 Bb3 19. Nxb3 axb3 20. Qe2 a4 21. Ra3 Ra6 22. Rda1 Rfa8 23. Be1 R8a7 {Movahed,S (2359)-Omidi,A (2350) Kerman IRI 2023 ½-½ (60)}) 9... Nd7 10. Ne4 Nb6 11. Qc5 Nbd5 12. Nd6 b6 13. Qa3 Bd7 14. Nc4 f6 15. Bd2 c5 16. e4 Nc7 17. b4 Ne6 18. bxc5 bxc5 19. Be3 Qc7 20. Rfc1 Rfc8 21. Ncd2 Bf8 22. d4 exd4 23. Nxd4 cxd4 24. Rxc7 Rxc7 25. Bf4 Rc3 26. Qa6 Bc8 27. Qa4 Bb7 28. Qd7 Bc8 29. Qa4 Bb7 30. Bd6 Rd8 31. e5 Bxg2 32. Kxg2 f5 33. Bb4 Rcc8 34. Qb3 Rc6 35. Bd6 1-0

[Event "RUS-CHN Friendship blitz"]
[Site "Petropavlovsk Kamchatsky"]
[Date "2016.09.18"]
[Round "4"]
[White "Inarkiev, Ernesto"]
[Black "Hou, Yifan"]
[Result "1-0"]
[WhiteElo "2732"]
[BlackElo "2658"]
[PlyCount "125"]
[EventDate "2016.09.18"]
[EventType "match (blitz)"]
[EventRounds "10"]
[EventCountry "RUS"]
[SourceTitle "CBM 174 Extra"]
[Source "ChessBase"]
[SourceDate "2016.10.10"]
[SourceVersion "1"]
[SourceVersionDate "2016.10.10"]
[SourceQuality "1"]

1. Nf3 c5 2. g3 Nc6 3. Bg2 g6 4. O-O Bg7 5. e4 d6 6. d3 Nf6 7. Re1 O-O 8. c3 Rb8 9. h3 e5 ({RR} 9... b5 10. a3 a5 11. d4 cxd4 12. cxd4 d5 13. e5 Ne4 14. Nbd2 Bf5 15. Nf1 b4 16. Nh4 bxa3 17. Rxa3 Qb6 18. f3 Nxd4 19. Be3 Qxb2 20. Rxa5 Nc2 21. fxe4 Nxe1 22. exf5 Nxg2 23. Nxg2 gxf5 24. Qxd5 {Amin,B (2635)-Bacrot,E (2720) Dubai 2014 ½-½ (58)}) ({RR} 9... b5 10. Kh2 b4 11. Qc2 Bd7 12. Nbd2 bxc3 13. bxc3 Qa5 14. Nc4 Qa6 15. e5 dxe5 16. Nfxe5 Nxe5 17. Nxe5 Be6 18. Bf4 Rb6 19. d4 cxd4 20. cxd4 Rd8 21. Nc6 Re8 22. Rab1 Rxb1 23. Qxb1 Bxa2 24. Qb2 {Hiwale,R (2093)-Jayasundara,P (1874) chess.com INT 2025 0-1 (68)}) 10. d4 exd4 11. cxd4 cxd4 $146 ({RR} 11... Nd7 12. d5 Nce5 13. Nxe5 Nxe5 14. f4 Nc4 15. Nc3 b5 16. Qc2 Qa5 17. e5 dxe5 18. fxe5 Bf5 19. Qd1 Nxe5 20. g4 b4 21. Ne2 Bd7 22. Ng3 c4 23. Bf4 Rbe8 24. Qd2 Nd3 25. Rxe8 Rxe8 26. Bh6 {Barlov,D (2480)-Anand,V (2710) Oviedo 1993 0-1}) ({RR} 11... Nd7 12. d5 Nce5 13. Nxe5 Nxe5 14. f4 Nc4 15. Nc3 b5 16. Qc2 Qa5 17. f5 b4 18. Nd1 b3 19. Qe2 Ba6 20. f6 Bxf6 21. Qf2 Bd4 22. Be3 Nxe3 23. Nxe3 bxa2 {0-1 (23) Korolev,A (2351)-Simantsev,M (2556) Kireevsk 2011}) 12. Nxd4 Qb6 13. Nb3 Be6 14. Nc3 a6 15. Qxd6 Bxb3 16. Be3 Qb4 17. Bc5 Qc4 18. axb3 Qxb3 19. Qd1 Qxd1 20. Raxd1 Rfe8 21. Bd6 Rbc8 22. e5 Nh5 23. Nd5 Nxe5 24. g4 Nc4 25. gxh5 Nxd6 26. Ne7+ Rxe7 27. Rxe7 Bf8 28. Rd7 Nf5 29. Bxb7 Rc2 30. Bd5 Nh6 31. hxg6 hxg6 32. b3 Bc5 33. Rf1 a5 34. Kg2 Kg7 35. Be4 Rc3 36. Rd3 Rc2 37. Rf3 Rb2 38. Rc1 Bd4 39. Rc2 Rxc2 40. Bxc2 f5 41. Rd3 Bc5 42. Rd5 Bb4 43. Bd3 Kf6 44. Rb5 Nf7 45. f4 Bd2 46. Rb6+ Kg7 47. Kg3 Be1+ 48. Kf3 Bb4 49. Bc4 Nd6 50. Bd5 Kf6 51. Rc6 Ke7 52. Ra6 Kf6 53. Ke3 Bc5+ 54. Kd3 Bb4 55. Kd4 Ke7 56. Ra7+ Kf6 57. Ra6 Ke7 58. Bc4 Kf6 59. Kd5 Ke7 60. Bd3 Kd7 61. Ra7+ Kd8 62. Rg7 Ne8 63. Rxg6 1-0